Imperial identities : (Record no. 7315)
[ view plain ]
| 000 -LEADER | |
|---|---|
| fixed length control field | 01268nac a22002891u 4500 |
| 010 ## - LIBRARY OF CONGRESS CONTROL NUMBER | |
| LC control number | 94061505 |
| 020 ## - INTERNATIONAL STANDARD BOOK NUMBER | |
| International Standard Book Number | 1850439095 |
| 035 ## - SYSTEM CONTROL NUMBER | |
| System control number | (OCoLC)32519819 |
| 082 ## - DEWEY DECIMAL CLASSIFICATION NUMBER | |
| Classification number | 305.800965 |
| Item number | LOR |
| 090 ## - LOCALLY ASSIGNED LC-TYPE CALL NUMBER (OCLC); LOCAL CALL NUMBER (OCLC) | |
| -- | 7315 |
| -- | 7315 |
| 100 ## - MAIN ENTRY--PERSONAL NAME | |
| Personal name | Lorcin, Patricia M. E. |
| 245 10 - TITLE STATEMENT | |
| Title | Imperial identities : |
| Remainder of title | stereotyping, prejudice and race in colonial Algeria / |
| Statement of responsibility, etc | Patricia M.E. Lorcin. |
| 260 ## - PUBLICATION, DISTRIBUTION, ETC. (IMPRINT) | |
| Place of publication, distribution, etc | London : |
| Name of publisher, distributor, etc | I.B. Tauris ; |
| Place of publication, distribution, etc | New York : |
| Name of publisher, distributor, etc | Distributed by St. Martin's,c1995. |
| Date of publication, distribution, etc | c1995. |
| 300 ## - PHYSICAL DESCRIPTION | |
| Extent | x, 323 p. : |
| Other physical details | folded col. map ; |
| Dimensions | 23 cm. |
| 440 #0 - | |
| -- | Society and culture in the modern Middle East |
| 500 ## - GENERAL NOTE | |
| General note | DistributerL: Baccah. |
| 504 ## - BIBLIOGRAPHY, ETC. NOTE | |
| Bibliography, etc | Includes bibliographical references (p. 310-314) and index. |
| 511 ## - PARTICIPANT OR PERFORMER NOTE | |
| Participant or performer note | Catalogued By: Mahitab. |
| 650 #0 - SUBJECT ADDED ENTRY--TOPICAL TERM | |
| Topical term or geographic name as entry element | Kabyles |
| General subdivision | Study and teaching |
| Geographic subdivision | France. |
| 650 #0 - SUBJECT ADDED ENTRY--TOPICAL TERM | |
| Topical term or geographic name as entry element | Racism |
| Geographic subdivision | France |
| General subdivision | History. |
| 651 #0 - SUBJECT ADDED ENTRY--GEOGRAPHIC NAME | |
| Geographic name | Algeria |
| General subdivision | Ethnic relations. |
| 651 #0 - SUBJECT ADDED ENTRY--GEOGRAPHIC NAME | |
| Geographic name | Algeria |
| General subdivision | History |
| Chronological subdivision | 1830-1962. |
| 856 42 - ELECTRONIC LOCATION AND ACCESS | |
| Materials specified | Contributor biographical information |
| Uniform Resource Identifier | <a href="http://www.loc.gov/catdir/bios/hol059/94061505.html">http://www.loc.gov/catdir/bios/hol059/94061505.html</a> |
| 856 42 - ELECTRONIC LOCATION AND ACCESS | |
| Materials specified | Publisher description |
| Uniform Resource Identifier | <a href="http://www.loc.gov/catdir/description/hol055/94061505.html">http://www.loc.gov/catdir/description/hol055/94061505.html</a> |
| 856 42 - ELECTRONIC LOCATION AND ACCESS | |
| Materials specified | Table of contents |
| Uniform Resource Identifier | <a href="http://www.loc.gov/catdir/toc/hol052/94061505.html">http://www.loc.gov/catdir/toc/hol052/94061505.html</a> |
| 942 ## - ADDED ENTRY ELEMENTS (KOHA) | |
| Item type | Book - Borrowing |
| Call number prefix | 305.800965 LOR |
| Withdrawn status | Item status | Damaged status | Not for loan | Home library | Current library | Shelving location | Date acquired | Source of acquisition | Total Checkouts | Total Renewals | Full call number | Barcode | Date last seen | Date last borrowed | Koha item type |
|---|---|---|---|---|---|---|---|---|---|---|---|---|---|---|---|
| Central Library | Central Library | First floor | 21/01/2008 | Purchase | 2 | 5 | 305.800965 LOR | 000008689 | 15/07/2025 | 06/04/2014 | Book - Borrowing |